Statistics for Most overatted players in the NFL.

Click here to take the quiz!

General Stats

  • This quiz has been taken 7 times
  • The average score is 5 of 17

Answer Stats

TeamPlayer% Correct
RavensLamar Jackson
86%
dolphinsbyron jones
43%
RaidersChandler Jones
43%
RaidersDavante Adams
43%
ChargersKeenan Allen
43%
Cowgirlstre'von diggs
43%
CowgirlsZeke
43%
giantsKenny golladay
29%
saintsMichael thomas
29%
Free agentOdell
29%
steelersChase Claypool
14%
Eaglesmiles sanders
14%
Cardinalsbyron murphy
0%
commanderschase young
0%
jetsC.J Mosley
0%
ChiefsFrank clark
0%
ramsTaylor rapp
0%

Score Distribution

Percentile by Number Answered

Percent of People with Each Score

Your Score History

You have not taken this quiz